La nueva moralidad del presidente Carter y la lógica del imperialismo / James Petras, M.

Tallennettuna:
Bibliografiset tiedot
Päätekijä: Petras, M. James
Aineistotyyppi: Kirja
Kieli:Spanish
Aiheet:
Tagit: Lisää tagi
Ei tageja, Lisää ensimmäinen tagi!

MARC

LEADER 00000nam a22000007a 4500
003 cru CIDCACS/IIS
005 20191202131553.0
008 191202b ||||| |||| 00| 0 spa d
999 |c 42689  |d 42689 
040 |c cru CIDCACS/IIS 
100 1 |9 8842  |a Petras, M. James 
245 1 3 |a La nueva moralidad del presidente Carter y la lógica del imperialismo /  |b James Petras, M. 
300 |a páginas 135-140 
650 0 |9 64  |a CAPITALISMO 
650 0 |9 143  |a ECONOMIA 
650 0 |9 370  |a POLITICA EXTERIOR 
651 0 |9 245  |a ESTADOS UNIDOS 
773 0 |0 42391  |9 3935  |a Agencia Latinoamericana de Información, ALAI  |d Quito, Ecuador: ALAI  |o 03987  |t ALAI:  |x 08275564 (Servicio mensual de información y documentación) 
942 |2 ddc  |c PP